| 000 | 00448nam a2200181Ia 4500 | ||
|---|---|---|---|
| 008 | 180207s9999 xx 000 0 und d | ||
| 020 | _a9789814729949 | ||
| 050 | _bB931 2014 | ||
| 100 | _aBugbird, Tim | ||
| 245 | 4 | _aThe love in my heart / | |
| 245 | _cby Tim Bugbird and Nadine Wickenden. | ||
| 260 | _aNew York : | ||
| 260 | _bScholastic, | ||
| 260 | _c2014 | ||
| 300 | _aunpaged : | ||
| 300 | _bcolor illustration ; | ||
| 300 | _c23cm. | ||
| 999 |
_c355510 _d355510 |
||